Filosofía moral, o ética (Record no. 8466)

MARC details
000 -CABECERA
campo de control de longitud fija 00490nam a2200157 a 4500
001 - NÚMERO DE CONTROL
campo de control BRCA_8815
005 - FECHA Y HORA DE LA ÚLTIMA TRANSACCIÓN
campo de control 20190320210425.0
008 - DATOS DE LONGITUD FIJA--INFORMACIÓN GENERAL
campo de control de longitud fija 250417s--------sp-#######---#000-0#sp--#
041 ## - CÓDIGO DE LENGUA
Código de lengua del texto/banda sonora o título independiente spa
084 ## - OTRO NÚMERO DE CLASIFICACIÓN
Número de clasificación BE196
Número de documento/Ítem .F55
245 10 - MENCIÓN DE TÍTULO
Título Filosofía moral, o ética
300 ## - DESCRIPCIÓN FÍSICA
Extensión 336 p.
Dimensiones 16.6 x 10.5 cm.
500 ## - NOTA GENERAL
Nota general Estado físico: presenta encuadernación en pergamino, con lomo semi desprendido, carece de cintas y portada, y con presencia del pez de plata
902 ## - CATALOGADOR
Iniciales CFM
942 ## - ELEMENTOS DE PUNTO DE ACCESO ADICIONAL (KOHA)
Fuente del sistema de clasificación o colocación Library of Congress Classification
Tipo de ítem Koha Libros
Holdings
Estado de retiro Estado de pérdida Estado dañado No para préstamo Localización permanente Ubicación/localización actual Fecha de adquisición Total de préstamos Signatura topográfica completa Código de barras Fecha visto por última vez Precio válido a partir de Tipo de ítem Koha
El ejemplar forma parte de la colección y puede ser consultado según las políticas vigentes.       Biblioteca del Museo Franz Mayer (Rogerio Casas-Alatriste) Biblioteca del Museo Franz Mayer (Rogerio Casas-Alatriste) 25/04/2017   BE196 .F55 CFM00142 22/03/2019 22/03/2019 Libros